| 000 | 00886nam a22002177a 4500 | ||
|---|---|---|---|
| 003 | DO-SdBNP | ||
| 005 | 20250709121334.0 | ||
| 008 | 201104b 2020 dr 00| 0 eng d | ||
| 040 |
_aDO-SdBNP _bspa _cBNPHU |
||
| 110 | 2 |
_aUniversidad Abierta para Adultos (Santiago de los Caballeros, Republica Dominicana) _971401 |
|
| 245 | 1 | 0 |
_a58° Quincuagésima octava graduación ordinaria : _bprograma / _cpresentación Ángel Hernández. |
| 246 | 1 | 0 | _aQuincuagésima octava graduación ordinaria |
| 260 |
_aNagua, República Dominicana _bUniversidad Abierta para Adultos, UAPA _c2020. |
||
| 300 |
_a65 p. ; _c22 cm. |
||
| 590 | _aInventariado, 2020 /LP | ||
| 650 | 4 |
_aUniversidades _zRepública Dominicana _985564 |
|
| 650 | 4 |
_aTítulos académicos _981657 |
|
| 650 | 4 |
_aEducación superior _zRepública Dominicana |
|
| 700 | 1 |
_aHernández, Ángel, _epresentación _911092 |
|
| 942 |
_2ddc _cLBS1 |
||
| 999 |
_c49059 _d49059 |
||